000 00759cam a2200265u 4500
001 BD-DhSAU 2042
001 7821833
003 BD-DhSAU
005 20150126103252.0
008 820522s1935 enka 001 0 eng
040 _aBD-DhSAU
082 _222
_a691
_bBUE
100 1 _aBurrell, Edward J.
245 1 0 _aElementary building construction and drawing /
_cEdward J. Burrell
260 _aLondon :
_bLongmans, Green and co. ,
_c1935.
300 _aviii, 280 p. :
_bill. ;
_c19 cm.
504 _aincludes index
590 _atamanna
650 0 _aBuilding.
650 0 _aAgricultural engineering
650 0 _aConstruction materials
650 0 _aFire insurance.
700 1 _aedited by Butler, Maurice.
700 1 _aedited by Skinner, Edwin G.
942 _2ddc
_cBOOK
999 _c2042
_d2042